The Epistle to the Philipians: (Record no. 455)

000 -LEADER
fixed length control field 00637nam a2200193 a 4500
001 - CONTROL NUMBER
control field :::00013609$&:&@@
003 - CONTROL NUMBER IDENTIFIER
control field OkBaRHE
005 - DATE AND TIME OF LATEST TRANSACTION
control field 20100324122052.0
008 - FIXED-LENGTH DATA ELEMENTS--GENERAL INFORMATION
fixed length control field s1957 j 000 0 eng u
040 ## - CATALOGING SOURCE
Transcribing agency
100 1# - MAIN ENTRY--PERSONAL NAME
Personal name Greenway, Alfred L.
245 14 - TITLE STATEMENT
Title The Epistle to the Philipians:
Remainder of title a study manual.
260 ## - PUBLICATION, DISTRIBUTION, ETC. (IMPRINT)
Place of publication, distribution, etc Grand Rapids, MI., :
Name of publisher, distributor, etc Baker Book House
Date of publication, distribution, etc 1957
300 ## - PHYSICAL DESCRIPTION
Extent 75 p. ;
Dimensions 21 cm.
490 0# - SERIES STATEMENT
Series statement Shield Bible study series.
650 ## - SUBJECT ADDED ENTRY--TOPICAL TERM
Topical term or geographic name as entry element Bible New Testament Philippians
General subdivision Commentaries
942 ## - ADDED ENTRY ELEMENTS (KOHA)
Source of classification or shelving scheme
Koha item type Books
Copies
Source of classification or shelving scheme Price effective from Permanent Location Date acquired Full call number Shelving location Damaged status Withdrawn status Barcode Not for loan Copy number Koha item type Date last seen Lost status Collection code
 2010-04-14RHEMA Bible Training College2010-04-14BS 2705.3 .G72General Stacks  13609 1Books2018-04-03 Reference